Welcome to the official Sarawak Skills Library system. If you are a new user, please contact our librarian to register.

Artificial Intelligence: Structures And Strategies For Complex Problem Solving (Record no. 24291)

MARC details
000 -LEADER
fixed length control field 00541nam a2200169Ia 4500
008 - FIXED-LENGTH DATA ELEMENTS--GENERAL INFORMATION
fixed length control field 241217s9999||||xx |||||||||||||| ||und||
020 ## - INTERNATIONAL STANDARD BOOK NUMBER
International Standard Book Number 9780805311969
Terms of availability 82.3
040 ## - CATALOGING SOURCE
Language of cataloging eng
Transcribing agency SSK Library
Description conventions rda
082 ## - DEWEY DECIMAL CLASSIFICATION NUMBER
Classification number 006.3/LUG
003 - CONTROL NUMBER IDENTIFIER
control field OSt
005 - DATE AND TIME OF LATEST TRANSACTION
control field 20241217112924.0
100 ## - MAIN ENTRY--PERSONAL NAME
Personal name George F. Luger & William A. Stubblefield -
245 #0 - TITLE STATEMENT
Title Artificial Intelligence: Structures And Strategies For Complex Problem Solving
250 ## - EDITION STATEMENT
Edition statement 3rd ed
260 ## - PUBLICATION, DISTRIBUTION, ETC.
Name of publisher, distributor, etc. Addison Wesley Longman, Inc.
Date of publication, distribution, etc. ©1998
942 ## - ADDED ENTRY ELEMENTS (KOHA)
Source of classification or shelving scheme
Koha item type Book
Suppress in OPAC
Holdings
Withdrawn status Lost status Damaged status Not for loan Home library Current library Date acquired Cost, normal purchase price Total checkouts Full call number Barcode Date last seen Copy number Price effective from Koha item type
        Sarawak Skills Kuching Library Sarawak Skills Kuching Library 12/17/2024 82.30   006.3/LUG 10080150 12/17/2024 1 12/17/2024 Book